| 000 | 00872cam a22002891 4500 | ||
|---|---|---|---|
| 001 | 20792 | ||
| 003 | BD-RjUL | ||
| 005 | 20211209000619.0 | ||
| 008 | 140302s1974 ii 000 0 eng | ||
| 035 | _a(BD-RjUL)20854 | ||
| 040 |
_aDLC _cDLC _dDLC _dBD-RjUL _beng |
||
| 041 | _aeng | ||
| 082 |
_a813.54 _bAGD 1974 |
||
| 100 | 1 |
_aAgee, James, _d1909-1955. _950309 |
|
| 245 | 1 | 2 |
_aA death in the family / _cJames Agee. |
| 260 |
_aNew Delhi : _bPrentice-Hall, _cc1974. |
||
| 300 |
_a339 p. ; _c22 cm. |
||
| 650 | 0 |
_aTraffic accident victims _xFamily relationships _xFiction. _964210 |
|
| 650 | 0 |
_aFathers and sons _xFiction. _942513 |
|
| 650 | 0 |
_aBoys _xFiction. _962283 |
|
| 651 | 0 |
_aKnoxville (Tenn.) _xFiction. _964211 |
|
| 655 | 7 |
_aDomestic fiction. _2lcsh _964239 |
|
| 655 | 7 |
_aBildungsromans. _2gsafd _964240 |
|
| 942 |
_2ddc _cBK |
||
| 999 |
_c20792 _d20792 |
||